=LDR 00000nam 2200000 4500 =001 NUTBA000000000005641 =005 20141105081451.0 =006 =007 =008 =020 ##$$a 978-974-050-283-3 =035 ##$$a 0010-111400000000120 =040 ##$$a NBPDMAT =082 ##$$a R.912 598 62 =090 ##$$a R.912 598 62 $b Mah a =100 ##$$a Mahyuzar =245 ##$$a Atlas tematik provinsi Bali / $c Mahyuzan =260 ##$$a Jakarta : $b Dina Sumber Daya Rupa, $c 2010 =300 ##$$a 48 hlm. : $b ilus. ; $c 29 cm. =650 ##$$a Atlas Tematik Bali